000 00911cam a2200277 a 4500
999 _c20385
_d20385
001 958701
003 BDDh-ASL
005 20231015025900.0
008 840425s1987 le b 000 0 arar
010 _a 84154445
040 _aDLC
_cDLC
_dDLC
_dBDDh-ASL
041 1 _aaraeng
050 0 0 _aBP163
_b.A7312 1977
082 _a297.09
_bMUI
100 1 _aAsad, Muhammad,
_d1900-1992.
240 1 0 _aIslam at the crossroads /
_lArabic
245 1 3 _aal-Islām ʻalá muftaraq al-ṭuruq /
_ctaʼlīf Muḥammad Asad ; naqalahu ilá al-ʻArabīyah ʻUmar Farrūkh.
250 _aal-Ṭabʻah 9.
260 _aBayrūt :
_bDār al-ʻIlm lil-Malāyīn,
_c1987.
300 _a160 p. ;
_c20 cm.
500 _aTranslation of: Islam at the crossroads.
504 _aIncludes bibliographical references.
650 0 _aIslam
_y20th century.
906 _a7
_bcbc
_corignew
_d4
_encip
_f19
_gy-gencatlg
942 _2ddc
_cBK